[Event "USA-chT Amateur East"]
[Site "Parsippany"]
[Date "2013.02.18"]
[Round "6"]
[White "Ng, Andrew"]
[Black "Balakrishnan, Praveen"]
[Result "1-0"]
[WhiteElo "2186"]
[BlackElo "2075"]
[PlyCount "84"]
[EventDate "2013.02.16"]
[EventType "team-swiss"]
[EventRounds "6"]
[EventCountry "USA"]
[SourceTitle "CBM 153 Extra"]
[Source "ChessBase"]
[SourceDate "2013.04.22"]
[SourceVersion "1"]
[SourceVersionDate "2013.04.22"]
[SourceQuality "1"]
[WhiteTeam "Princeton University"]
[BlackTeam "Knightmare 3"]
[WhiteTeamCountry "USA"]
[BlackTeamCountry "USA"]

1. e4 c6 2. d4 d5 3. exd5 cxd5 4. c4 Nf6 5. Nc3 e6 6. Nf3 Be7 7. cxd5 Nxd5 8. Bd3 0-0 9. 0-0 Nc6 10. a3 Nf6 11. Re1 b6 12. Bg5 Bb7 13. Bc2 Rc8 14. Qd3 g6 15. Rad1 Nd5 16. h4 Nxc3 17. bxc3 Na5 18. Bh6 Re8 19. h5 Nc4 20. hxg6 hxg6 21. Rxe6 Bf6 22. Rxe8+ Qxe8 23. Re1 Qc6 24. Bb3 b5 25. Bf4 Kg7 26. Bxc4 bxc4 27. Qe3 Rh8 28. Be5 Rh5 29. Qf4 Rf5 30. Qh4 Bxe5 31. dxe5 Rh5 32. Qg3 Qc8 33. Nd4 Qh8 34. Kf1 Qh6 35. Ke2 Rg5 36. Qf4 Qh5+ 37. Kd2 Rxg2 38. e6 g5 39. Qe5+ f6 40. Qc7+ Kh8 41. Qb8+ Kh7 42. Qxb7+ Kh8 1-0

[Event "Wch U16"]
[Site "Kemer"]
[Date "2009.11.21"]
[Round "10"]
[White "Zelbel, Patrick"]
[Black "Ng, Andrew"]
[Result "1/2-1/2"]
[WhiteElo "2354"]
[BlackElo "2125"]
[PlyCount "58"]
[EventDate "2009.11.12"]
[EventType "swiss"]
[EventRounds "11"]
[EventCountry "TUR"]
[SourceTitle "EXT 2010"]
[Source "ChessBase"]
[SourceDate "2010.11.25"]
[SourceVersion "1"]
[SourceVersionDate "2010.11.25"]
[SourceQuality "1"]

1. e4 c5 2. c3 Nf6 3. e5 Nd5 4. Nf3 Nc6 5. Bc4 Nb6 6. Bb3 d5 7. exd6 Qxd6 8. 0-0 Be6 9. Na3 Bxb3 10. axb3 a6 11. Re1 Rd8 12. Nc4 Nxc4 13. bxc4 e6 14. b3 Be7 15. Bb2 Bf6 16. Re4 Qd3 17. Re3 Qd6 18. d4 cxd4 19. Rd3 Ne5 20. Nxe5 Bxe5 21. cxd4 Bxh2+ 22. Kh1 Bf4 23. Ba3 Qb6 24. Qg4 Rxd4 25. Qxg7 Rxd3 26. Qxh8+ Kd7 27. Qxh7 Qd4 28. Qxf7+ Kc8 29. Qf8+ Kc7 1/2-1/2

[Event "Wch U16"]
[Site "Kemer"]
[Date "2009.11.14"]
[Round "3"]
[White "Ng, Andrew"]
[Black "Arribas Lopez, Angel"]
[Result "0-1"]
[WhiteElo "2125"]
[BlackElo "2461"]
[PlyCount "82"]
[EventDate "2009.11.12"]
[EventType "swiss"]
[EventRounds "11"]
[EventCountry "TUR"]
[SourceTitle "EXT 2010"]
[Source "ChessBase"]
[SourceDate "2010.11.25"]
[SourceVersion "1"]
[SourceVersionDate "2010.11.25"]
[SourceQuality "1"]

1. e4 c5 2. Nf3 d6 3. d4 cxd4 4. Nxd4 Nf6 5. Nc3 a6 6. Be2 e6 7. 0-0 Be7 8. a4 0-0 9. Be3 Nc6 10. f4 Bd7 11. Bf3 Qc7 12. Nb3 b6 13. Kh1 Rfd8 14. g4 Bc8 15. g5 Nd7 16. Qe2 Bb7 17. Rad1 Bf8 18. h4 Nc5 19. h5 Ne7 20. Qg2 Rac8 21. Rd2 Qb8 22. Rfd1 Qa8 23. a5 Nxb3 24. cxb3 bxa5 25. Na4 Qb8 26. Bb6 Re8 27. Bxa5 d5 28. e5 Nf5 29. Qf2 d4 30. Rd3 Ne3 31. Re1 Bxf3+ 32. Qxf3 Qb5 33. Rxd4 Nc2 34. Bc3 Nxe1 35. Bxe1 Rc1 36. Rd1 Rxd1 37. Qxd1 Qf1+ 38. Kh2 Qxf4+ 39. Bg3 Qxg5 40. Nc3 Rd8 41. Qf3 Rd2+ 0-1

[Event "Wch U16"]
[Site "Kemer"]
[Date "2009.11.12"]
[Round "1"]
[White "Ng, Andrew"]
[Black "Swiercz, Dariusz"]
[Result "0-1"]
[WhiteElo "2125"]
[BlackElo "2493"]
[PlyCount "134"]
[EventDate "2009.11.12"]
[EventType "swiss"]
[EventRounds "11"]
[EventCountry "TUR"]
[SourceTitle "EXT 2010"]
[Source "ChessBase"]
[SourceDate "2010.11.25"]
[SourceVersion "1"]
[SourceVersionDate "2010.11.25"]
[SourceQuality "1"]

1. e4 c5 2. Nf3 e6 3. d4 cxd4 4. Nxd4 a6 5. Nc3 b5 6. g3 Bb7 7. Bg2 b4 8. Nce2 Nf6 9. Qd3 d5 10. exd5 Bxd5 11. Bxd5 Qxd5 12. Qf3 Qxf3 13. Nxf3 Nc6 14. Ned4 Rc8 15. 0-0 Nxd4 16. Nxd4 Rc4 17. Be3 Bc5 18. Rfd1 0-0 19. Rac1 Rc8 20. c3 Bxd4 21. Rxd4 Nd5 22. Rxc4 Rxc4 23. Bd2 bxc3 24. Bxc3 f6 25. Kf1 Kf7 26. Ke2 e5 27. Kd3 Rc6 28. a3 Ke6 29. Bd2 Rd6 30. Ke2 g5 31. Rc8 Kf7 32. Rh8 Kg7 33. Rc8 h5 34. b4 Nb6 35. Rc5 Kg6 36. h3 Kf5 37. Rc7 Na4 38. Rc4 Ke6 39. Rc7 Kf5 40. Rc4 Nb6 41. Rc5 g4 42. h4 Kg6 43. Be3 Na4 44. Rc8 Kf5 45. Bd2 Ke4 46. Rc4+ Kd5 47. Rc7 Rc6 48. Rxc6 Kxc6 49. Kd3 Kd5 50. Be3 f5 51. Ba7 f4 52. gxf4 exf4 53. Bb8 Nb2+ 54. Kc2 Nc4 55. Bxf4 Nxa3+ 56. Kd3 Nb5 57. Bg5 Nd4 58. Be7 Nc6 59. Bf8 Ne5+ 60. Ke3 Ng6 61. Bg7 Nxh4 62. Kf4 Nf3 63. Bf8 Ne5 64. Kg5 h4 65. Kxh4 Ng6+ 66. Kxg4 Nxf8 67. f4 Kc4 0-1

[Event "USA tt"]
[Site "ICC INT"]
[Date "2009.10.19"]
[Round "8"]
[White "Wang, Arthur D"]
[Black "Ng, Andrew"]
[Result "0-1"]
[WhiteElo "2090"]
[BlackElo "2113"]
[PlyCount "136"]
[EventDate "2009.08.31"]
[EventType "team (rapid)"]
[EventRounds "10"]
[EventCountry "USA"]
[SourceTitle "CBM 132 Extra"]
[Source "ChessBase"]
[SourceDate "2009.11.03"]
[SourceVersion "1"]
[SourceVersionDate "2009.11.03"]
[SourceQuality "1"]

1. e4 c5 2. Nf3 d6 3. Bb5+ Nd7 4. d4 Ngf6 5. Nc3 cxd4 6. Qxd4 e5 7. Qd3 h6 8. Be3 Be7 9. 0-0 0-0 10. Rfd1 a6 11. Bc4 Nb6 12. Bb3 Be6 13. Nh4 Nc8 14. Bxe6 fxe6 15. Ng6 Re8 16. Qc4 Bf8 17. Nxe5 Qa5 18. Ng6 Qh5 19. Nf4 Qf7 20. a4 Ng4 21. Bc1 g5 22. Nd3 Nb6 23. Qb3 Nd7 24. f3 Nge5 25. Be3 Rac8 26. Bf2 g4 27. fxg4 Nxg4 28. Bg3 Nc5 29. Nxc5 Rxc5 30. Rf1 Qg7 31. Ne2 d5 32. h3 Ne5 33. Nf4 Nc4 34. Nh5 Qd4+ 35. Bf2 Qe5 36. Qf3 dxe4 37. Qg4+ Kh8 38. Bxc5 Bxc5+ 39. Kh1 Rg8 40. Qh4 Qg5 41. Qxg5 Rxg5 42. Nf4 Ne3 43. Rfc1 Rf5 44. Nxe6 Bb6 45. c4 Rf6 46. c5 Ba5 47. Nd4 Bd2 48. Rg1 Nf5 49. Ne2 Ne3 50. Ng3 Re6 51. b3 Nd5 52. Rgf1 e3 53. Rf8+ Kg7 54. Rd8 Re5 55. Rd7+ Kg6 56. Rxb7 e2 57. Nxe2 Rxe2 58. c6 Bf4 59. Rd7 Nf6 60. Ra7 Rb2 61. Rf1 Be5 62. Rc1 Ne4 63. Re1 Ng3+ 64. Kg1 Bd4+ 65. Kh2 Bxa7 66. Kxg3 Bf2+ 67. Kg4 Bxe1 68. c7 Rc2 0-1

[Event "USA tt"]
[Site "ICC INT"]
[Date "2009.09.28"]
[Round "5"]
[White "Rosen, Eric S"]
[Black "Ng, Andrew"]
[Result "1-0"]
[WhiteElo "2141"]
[BlackElo "2113"]
[PlyCount "63"]
[EventDate "2009.08.31"]
[EventType "team (rapid)"]
[EventRounds "10"]
[EventCountry "USA"]
[SourceTitle "CBM 132 Extra"]
[Source "ChessBase"]
[SourceDate "2009.11.03"]
[SourceVersion "1"]
[SourceVersionDate "2009.11.03"]
[SourceQuality "1"]

1. e4 c5 2. Nc3 Nc6 3. Bb5 Nd4 4. Bc4 g6 5. Nge2 d6 6. Nxd4 cxd4 7. Qf3 e6 8. Nb5 Bg7 9. Qa3 Be5 10. c3 dxc3 11. d4 cxb2 12. Bxb2 Bf4 13. g3 a6 14. gxf4 axb5 15. Qxa8 bxc4 16. Qa4+ Bd7 17. Qxc4 Nf6 18. Qd3 Nh5 19. Qd2 Qh4 20. Ba3 Nxf4 21. 0-0-0 0-0 22. Bxd6 Rc8+ 23. Kb1 Nh3 24. f3 Qh5 25. Rhf1 Bb5 26. Rc1 Rd8 27. Rc5 Qh4 28. Bg3 Qe7 29. Rxb5 Qa3 30. Rb3 Qa6 31. Rc1 Ra8 32. Rbc3 1-0

[Event "US Open-110"]
[Site "Indianapolis"]
[Date "2009.08.07"]
[Round "7"]
[White "Parry, Matthew"]
[Black "Ng, Andrew"]
[Result "1/2-1/2"]
[WhiteElo "2219"]
[BlackElo "2113"]
[PlyCount "101"]
[EventDate "2009.08.01"]
[EventType "swiss"]
[EventRounds "9"]
[EventCountry "USA"]
[SourceTitle "CBM 131 Extra"]
[Source "ChessBase"]
[SourceDate "2009.09.03"]
[SourceVersion "2"]
[SourceVersionDate "2009.09.16"]
[SourceQuality "1"]

1. e4 c5 2. Nf3 d6 3. Bb5+ Bd7 4. Bxd7+ Qxd7 5. c4 Nf6 6. Nc3 g6 7. d4 cxd4 8. Nxd4 Bg7 9. f3 0-0 10. Be3 Nc6 11. 0-0 Rac8 12. b3 a6 13. a4 Qd8 14. Qd2 Re8 15. Nde2 Qa5 16. Rab1 Ne5 17. h3 Qc7 18. Kh1 Ned7 19. Nf4 Nc5 20. Nfd5 Nxd5 21. Nxd5 Qc6 22. Bg5 f6 23. Bh6 Ne6 24. h4 Nd8 25. Be3 Nf7 26. f4 e6 27. Nc3 f5 28. exf5 gxf5 29. Bd4 Nh6 30. Rbe1 Bxd4 31. Qxd4 Kf7 32. Ne2 Rg8 33. Qf2 Ng4 34. Qf3 Rg6 35. Nd4 Qxf3 36. Rxf3 Re8 37. Kg1 Nf6 38. Rd3 Ne4 39. Nf3 h6 40. Nd2 Nxd2 41. Rxd2 Rg3 42. Rxd6 Rxb3 43. c5 Rb4 44. Rb6 Rxf4 45. Rxb7+ Re7 46. c6 Rxb7 47. cxb7 Rb4 48. Rc1 Rxb7 49. Rc6 Rb4 50. Rxa6 Rxh4 51. Ra8 1/2-1/2

[Event "US Open-110"]
[Site "Indianapolis"]
[Date "2009.08.02"]
[Round "2"]
[White "Tae, Patrick John"]
[Black "Ng, Andrew"]
[Result "1-0"]
[WhiteElo "2092"]
[BlackElo "2113"]
[PlyCount "103"]
[EventDate "2009.08.01"]
[EventType "swiss"]
[EventRounds "9"]
[EventCountry "USA"]
[SourceTitle "CBM 131 Extra"]
[Source "ChessBase"]
[SourceDate "2009.09.03"]
[SourceVersion "2"]
[SourceVersionDate "2009.09.16"]
[SourceQuality "1"]

1. e4 c5 2. c3 Nf6 3. e5 Nd5 4. d4 cxd4 5. Nf3 Nc6 6. cxd4 d6 7. Bc4 Nb6 8. Bb5 dxe5 9. Nxe5 Bd7 10. Nxd7 Qxd7 11. 0-0 e6 12. Qg4 a6 13. Bxc6 Qxc6 14. Nc3 Rd8 15. Bg5 h5 16. Qh4 f6 17. Be3 g5 18. Qe4 Qxe4 19. Nxe4 Nd5 20. Rac1 Kf7 21. Rfe1 Be7 22. a3 Rc8 23. Nc5 Bxc5 24. dxc5 Rhd8 25. g3 Rc6 26. b4 Ne7 27. Rcd1 Rd5 28. a4 Rc8 29. Rxd5 Nxd5 30. Rb1 e5 31. Bd2 Ke6 32. Kf1 b6 33. cxb6 Nxb6 34. Be3 Nd5 35. b5 axb5 36. axb5 Nxe3+ 37. fxe3 Rb8 38. Ke2 Kd5 39. b6 e4 40. Kd2 Kc6 41. Kc3 Rxb6 42. Rxb6+ Kxb6 43. Kd4 Kc6 44. Kxe4 Kd6 45. Kf5 Ke7 46. Kg6 h4 47. gxh4 gxh4 48. Kh5 Ke6 49. Kxh4 Ke5 50. Kg4 Ke4 51. h4 Kxe3 52. Kf5 1-0

[Event "USA-chT Amateur East"]
[Site "Parsipanny"]
[Date "2009.02.14"]
[Round "2"]
[White "Finney, Stuart"]
[Black "Ng, Andrew"]
[Result "0-1"]
[WhiteElo "1926"]
[BlackElo "2126"]
[PlyCount "76"]
[EventDate "2009.02.14"]
[EventType "tourn"]
[EventRounds "6"]
[EventCountry "USA"]
[SourceTitle "CBM 129 Extra"]
[Source "ChessBase"]
[SourceDate "2009.05.05"]
[SourceVersion "2"]
[SourceVersionDate "2009.05.20"]
[SourceQuality "1"]

1. e4 c5 2. Nf3 d6 3. d4 cxd4 4. Nxd4 Nf6 5. Nc3 g6 6. Be3 Bg7 7. f3 0-0 8. Qd2 Nc6 9. Bc4 Bd7 10. h4 h5 11. 0-0-0 Rc8 12. Bb3 Ne5 13. Bh6 Bxh6 14. Qxh6 Rxc3 15. bxc3 Qa5 16. g4 Qxc3 17. Kb1 Rc8 18. gxh5 Nc4 19. Bxc4 Rxc4 20. Qd2 Qxd2 21. Rxd2 Nxh5 22. Kb2 Nf4 23. Ne2 Ne6 24. a3 Rc5 25. Nc3 Rh5 26. Rd5 g5 27. Rg1 Rxh4 28. e5 Bc6 29. Rd3 dxe5 30. Nd5 Kf8 31. Nb4 e4 32. fxe4 Bxe4 33. Rc3 f5 34. Nd3 Bxd3 35. Rxd3 f4 36. Rd5 Rh6 37. Kc3 Rf6 38. Kd3 f3 0-1

[Event "Crossville (TN) US-ch U16"]
[Site "Crossville"]
[Date "2009.??.??"]
[Round "?"]
[White "Ng, Andrew"]
[Black "Aaron, Deepak"]
[Result "1-0"]
[WhiteElo "2127"]
[BlackElo "2066"]
[PlyCount "121"]
[EventDate "2009.??.??"]
[EventType "swiss"]
[EventRounds "1"]
[EventCountry "USA"]
[SourceTitle "EXT 2012"]
[Source "ChessBase"]
[SourceDate "2011.11.24"]
[SourceVersion "1"]
[SourceVersionDate "2011.11.24"]
[SourceQuality "1"]

1. e4 e5 2. Nf3 Nc6 3. Bc4 Bc5 4. c3 Nf6 5. d3 d6 6. Nbd2 a6 7. Bb3 Ba7 8. h3 0-0 9. Nf1 Be6 10. Ng3 h6 11. 0-0 Re8 12. Qe2 Nd7 13. Be3 Qf6 14. Rfd1 Bxb3 15. axb3 Ne7 16. d4 exd4 17. cxd4 Ng6 18. Rac1 c6 19. Re1 Nh4 20. Nxh4 Qxh4 21. Nf5 Qf6 22. Qg4 Kh7 23. Nxg7 Qxg7 24. Qxd7 Rg8 25. g3 Raf8 26. Rcd1 f5 27. Qxg7+ Rxg7 28. Bf4 fxe4 29. Bxd6 Rd8 30. Be5 Rf7 31. Rxe4 Rd5 32. Rde1 Rfd7 33. Kg2 Rb5 34. R1e3 Rb4 35. Rg4 h5 36. Rg5 Bxd4 37. Bxd4 Rbxd4 38. Rxh5+ Kg6 39. Rhe5 Rd2 40. Re6+ Kf7 41. R6e4 R2d4 42. Rf3+ Kg7 43. Rxd4 Rxd4 44. Re3 Kf7 45. g4 Rd2 46. h4 Rxb2 47. h5 b5 48. g5 Rd2 49. g6+ Kf6 50. Rf3+ Kg7 51. Rf7+ Kg8 52. h6 Rd8 53. Rc7 a5 54. Ra7 a4 55. bxa4 bxa4 56. Rxa4 c5 57. f4 Rc8 58. f5 c4 59. f6 c3 60. f7+ Kf8 61. Ra7 1-0